[Event "Krakow U20"]
[Site "Krakow"]
[Date "2008.03.02"]
[Round "4"]
[White "Kapcia, Janusz"]
[Black "Marczuk, Dominik"]
[Result "0-1"]
[WhiteElo "1524"]
[BlackElo "1800"]
[PlyCount "86"]
[EventDate "2008.03.01"]
[EventType "swiss"]
[EventRounds "5"]
[EventCountry "POL"]
[SourceTitle "EXT 2010"]
[Source "ChessBase"]
[SourceDate "2010.11.25"]
[SourceVersion "1"]
[SourceVersionDate "2010.11.25"]
[SourceQuality "1"]

1. e4 c5 2. Bc4 d6 3. Nc3 Nc6 4. a3 Nf6 5. f3 e6 6. a4 Be7 7. Nge2 d5 8. exd5 exd5 9. Ba2 d4 10. Ne4 Nxe4 11. fxe4 0-0 12. d3 Bg4 13. Bf4 Bg5 14. Qd2 Bxf4 15. Qxf4 Qa5+ 16. Qd2 Qxd2+ 17. Kxd2 Nb4 18. Bb3 Be6 19. Ra3 Bxb3 20. Rxb3 Rad8 21. h4 f5 22. Ng3 f4 23. Nf5 g6 24. Nh6+ Kg7 25. Ng4 f3 26. g3 f2 27. Rf1 h5 28. Nxf2 Rd7 29. c3 dxc3+ 30. Rxc3 Rf3 31. Ke2 Rdf7 32. Rcc1 Nc6 33. Rxc5 Nd4+ 34. Ke1 Re3+ 35. Kd1 Rxg3 36. Rc3 Rgf3 37. Ke1 Re3+ 38. Kd1 b5 39. a5 Re2 40. Re1 Rexf2 41. e5 Rxb2 42. Rc8 Rb1+ 43. Kd2 Nf3+ 0-1